000 00672nam a2200253Ia 4500
001 32994
005 20240114001629.0
007 ta
008 061204s356 a g b000 u 346 u
040 _aCotton College Assam
041 _a346
082 _a891.444
_bB 651 L
100 _aBasu, Rajsekhar .
245 0 _aLaghu Guru: Prabandhawali /
_cRajsekhar Basu.
_hTextual Documents
250 _a1st ed. /
260 _aCalcutta :
_bM.C.Sarkar & Sons Ltd. ,
_c1356 Bangabda.
300 _a144p. :
_bill ;
_c18cm .
653 _aBengali Essays
653 _aG-Bengali
942 _2ddc
_cBK
999 _c32976
_d32976